000 00433pab a2200181 454500
008 180718b2011 xxu||||| |||| 00| 0 eng d
100 _aChandra, Kanchan
245 _aIndia's democratic dynasties
260 _c2011
300 _ap.14-21.
362 _aJun
650 _aIndia - Politics and government
650 _aPolitics and government
700 _aUmqira, Wamiq
773 _aSeminar
908 _aN
909 _a91762
999 _c91762
_d91762